000 01140pam a2200301 a 4500
001 vtls003113390
003 MY-SjTCS
005 20200306164903.0
008 110218s2008 xna 001 0 eng d
020 _a9780733983979 (pbk.)
020 _a0733983979 (pbk.)
039 9 _a201411051458
_bshuhada
_c201102181440
_dVLOAD
_c200902191256
_dmas
_c200902111652
_dshahriman
_y200806171044
_zshahriman
082 0 4 _a657.480994
_bHEN
100 1 _aHenderson, Scott,
_d1936-
_96708
245 1 0 _aIssues in financial accounting /
_cScott Henderson, Graham Peirson, Kathy Herbohn.
250 _a13th ed.
260 _aFrenchs Forest, N.S.W. :
_bPearson Education Australia,
_cc2008 [i.e. 2007]
300 _aviii, 1088 p. ;
_c26 cm.
500 _aPrevious ed.: 2006.
500 _aIncludes index.
590 _aAustralian Degree Programmed (UniSA): ACCT1006
650 0 _aAccounting
_zAustralia
_vTextbooks.
_9256027
650 0 _aFinancial statements
_zAustralia
_vTextbooks.
_9256028
700 1 _aPeirson, Graham,
_d1938-
_98800
700 1 _aHerbohn, Kathy,
_d1969-
_9256029
920 _aGRL : 182624, 183618
921 _aAUDP (UNISA) : 240701
999 _c51404